| 000 | 00377cam a22001217a 4500 | ||
|---|---|---|---|
| 008 | 180718b1928 xxu||||| |||| 00| 0 eng d | ||
| 082 | _aA99 M349 | ||
| 100 | _aMarris, William Sinclair | ||
| 245 |
_aSpeeches of Sir William Marris _cby William Sinclair Marris |
||
| 260 |
_aMysore _bWesleyan Mission Press _c1928 |
||
| 300 | _a292p. | ||
| 650 | _aMarris, William Sinclair, 1875-1945 | ||
| 999 |
_c373080 _d373080 |
||